[Event "DSJ Weihnachtsturnier U16: Lasker 2020"]
[Site ""]
[Date "2020.12.28"]
[Round "7"]
[White "Nguyen, Alex Dac-Vuong"]
[Black "Wiedenbruch, Paul"]
[Result "1/2-1/2"]
[Termination "normal"]
[Board "4.1"]
[WhiteTitle "FM"]
[WhiteElo "2307"]
[BlackElo "1894"]
[WhiteTeam "Schachgemeinschaft Leipzig"]
[BlackTeam "Düsseldorfer Schachklub 14/25"]
[PlyCount "57"]
[WhiteFideId "12984388"]
[BlackFideId "16207343"]
[EventRounds "7"]
[EventType "team-swiss"]
[EventDate "2020.12.28"]

1. e4 {[%emt 0:00:03]} c5 {[%emt 0:00:05]} 2. Nf3 {[%emt 0:00:01]} d6 {[%emt
0:00:04]} 3. d4 {[%emt 0:00:01]} cxd4 {[%emt 0:00:00]} 4. Nxd4 {[%emt 0:00:01]}
Nf6 {[%emt 0:00:00]} 5. f3 {[%emt 0:00:01]} Nc6 {[%emt 0:00:03]} 6. c4 { [%emt
0:00:01]} g6 {[%emt 0:00:03]} 7. Nc2 {[%emt 0:00:04]} Bg7 {[%emt 0:00:01] } 8.
Nc3 {[%emt 0:00:01]} O-O {[%emt 0:00:01]} 9. Be2 {[%emt 0:00:02]} Bd7 { [%emt
0:00:07]} 10. Be3 {[%emt 0:00:02]} Rc8 {[%emt 0:00:03]} 11. O-O {[%emt
0:00:09]} a6 {[%emt 0:00:08]} 12. Qd2 {[%emt 0:00:07]} Ne5 {[%emt 0:00:02]} 13.
Na3 {[%emt 0:00:09]} Be6 {[%emt 0:00:13]} 14. Nd5 {[%emt 0:00:17]} Nxd5 { [%emt
0:00:10]} 15. cxd5 {[%emt 0:00:09]} Bd7 {[%emt 0:00:02]} 16. Rfc1 { [%emt
0:00:11]} b5 {[%emt 0:00:26]} 17. Bd4 {[%emt 0:00:19]} f5 {[%emt 0:02:00] } 18.
f4 {[%emt 0:00:17]} Ng4 {[%emt 0:00:36]} 19. Bxg4 {[%emt 0:00:03]} fxg4 { [%emt
0:00:00]} 20. Bxg7 {[%emt 0:00:06]} Kxg7 {[%emt 0:00:06]} 21. Qd4+ { [%emt
0:00:04]} Kg8 {[%emt 0:00:06]} 22. e5 {[%emt 0:00:10]} Bf5 {[%emt 0:00:14]} 23.
Re1 {[%emt 0:01:00]} Rc5 {[%emt 0:00:25]} 24. b4 {[%emt 0:00:12]} Rc7 {[%emt
0:00:08]} 25. Rad1 {[%emt 0:00:07]} Qd7 {[%emt 0:01:20]} 26. e6 { [%emt
0:00:30]} Qc8 {[%emt 0:00:05]} 27. Qb6 {[%emt 0:00:23]} Rc3 {[%emt 0:00:08]}
28. Nb1 {[%emt 0:00:03]} Rc4 {[%emt 0:00:06] DuessSK2-001 offers a draw} 29. a3
{[%emt 0:01:18]} 1/2-1/2

[Event "DSJ Weihnachtsturnier U16: Lasker 2020"]
[Site ""]
[Date "2020.12.28"]
[Round "7"]
[White "Krstovic, Marko"]
[Black "Petzke, Julian"]
[Result "1-0"]
[Termination "normal"]
[Board "4.4"]
[WhiteElo "1455"]
[BlackElo "1514"]
[WhiteTeam "Düsseldorfer Schachklub 14/25"]
[BlackTeam "Schachgemeinschaft Leipzig"]
[PlyCount "55"]
[WhiteFideId "16278003"]
[BlackFideId "16244885"]
[EventRounds "7"]
[EventType "team-swiss"]
[EventDate "2020.12.28"]

1. d4 {[%emt 0:00:11]} e6 {[%emt 0:00:02]} 2. c4 {[%emt 0:00:01]} d5 {[%emt
0:00:05]} 3. Nc3 {[%emt 0:00:02]} c6 {[%emt 0:00:01]} 4. Nf3 {[%emt 0:00:03]}
Nf6 {[%emt 0:00:02]} 5. Bg5 {[%emt 0:00:03]} Nbd7 {[%emt 0:00:04]} 6. cxd5 {
[%emt 0:00:01]} cxd5 {[%emt 0:00:06]} 7. e3 {[%emt 0:00:01]} Bb4 {[%emt
0:00:03]} 8. Qc2 {[%emt 0:00:07]} O-O {[%emt 0:00:06]} 9. a3 {[%emt 0:00:01]}
Ba5 { [%emt 0:00:16]} 10. Bd3 {[%emt 0:00:16]} h6 {[%emt 0:00:08]} 11. Bh4
{[%emt 0:00:05]} Qe8 {[%emt 0:00:22]} 12. O-O {[%emt 0:00:09]} Bc7 {[%emt
0:00:24]} 13. Rac1 {[%emt 0:00:07]} Qe7 {[%emt 0:00:43]} 14. Rfd1 {[%emt
0:00:09]} e5 { [%emt 0:00:11]} 15. dxe5 {[%emt 0:00:03]} Nxe5 {[%emt 0:00:13]}
16. Nxd5 { [%emt 0:00:14]} Qd6 {[%emt 0:00:23]} 17. Nxf6+ {[%emt 0:00:31]} gxf6
{[%emt 0:00:07]} 18. Nxe5 {[%emt 0:00:06]} fxe5 {[%emt 0:00:05]} 19. Qxc7
{[%emt 0:00:02]} Qxc7 {[%emt 0:00:10]} 20. Rxc7 {[%emt 0:00:03]} Bg4 {[%emt
0:00:08]} 21. f3 {[%emt 0:00:03]} Be6 {[%emt 0:00:22]} 22. Bf6 {[%emt 0:00:08]}
Rab8 { [%emt 0:00:16]} 23. Bxe5 {[%emt 0:00:10]} Rfe8 {[%emt 0:00:14]} 24. Bf6
{ [%emt 0:00:19]} Bb3 {[%emt 0:00:32]} 25. Rdc1 {[%emt 0:00:14]} Re6 {[%emt
0:00:12]} 26. Rc8+ {[%emt 0:00:08]} Rxc8 {[%emt 0:00:04]} 27. Rxc8+ {[%emt
0:00:01]} Re8 {[%emt 0:00:04]} 28. Rxe8# {[%emt 0:00:01]} 1-0

[Event "DSJ Weihnachtsturnier U16: Lasker 2020"]
[Site ""]
[Date "2020.12.28"]
[Round "7"]
[White "Christensen, John Christopher"]
[Black "Klugstedt, Vincent"]
[Result "1-0"]
[Termination "normal"]
[Board "5.2"]
[WhiteElo "1925"]
[BlackElo "1928"]
[WhiteTeam "Hamburger SK von 1830 3"]
[BlackTeam "Schachgesellschaft Bochum 1931"]
[PlyCount "53"]
[WhiteFideId "1453947"]
[BlackFideId "16216393"]
[EventRounds "7"]
[EventType "team-swiss"]
[EventDate "2020.12.28"]

1. e4 {[%emt 0:00:06]} c5 {[%emt 0:00:02]} 2. Nf3 {[%emt 0:00:07]} Nc6 { [%emt
0:00:04]} 3. d4 {[%emt 0:00:07]} cxd4 {[%emt 0:00:02]} 4. Nxd4 {[%emt 0:00:00]}
g6 {[%emt 0:00:06]} 5. Be3 {[%emt 0:00:01]} Bg7 {[%emt 0:00:03]} 6. Nc3 {[%emt
0:00:06]} d6 {[%emt 0:00:03]} 7. Qd2 {[%emt 0:00:21]} Nf6 {[%emt 0:00:05]} 8.
f3 {[%emt 0:00:08]} O-O {[%emt 0:00:03]} 9. O-O-O {[%emt 0:00:11]} a5 { [%emt
0:00:16]} 10. g4 {[%emt 0:00:18]} a4 {[%emt 0:00:06]} 11. a3 {[%emt 0:00:04]}
Be6 {[%emt 0:00:27]} 12. Nxe6 {[%emt 0:00:08]} fxe6 {[%emt 0:00:03]} 13. Bc4
{[%emt 0:00:16]} Qc8 {[%emt 0:00:10]} 14. Ba2 {[%emt 0:00:04]} Ne5 { [%emt
0:00:03]} 15. Qe2 {[%emt 0:00:07]} Rd8 {[%emt 0:00:24]} 16. Bd4 {[%emt
0:00:06]} Nc6 {[%emt 0:00:05]} 17. Be3 {[%emt 0:00:43]} Kh8 {[%emt 0:00:12]}
18. h4 {[%emt 0:00:04]} e5 {[%emt 0:00:04]} 19. h5 {[%emt 0:00:07]} gxh5 {[%emt
0:00:05]} 20. gxh5 {[%emt 0:00:03]} Qc7 {[%emt 0:00:22]} 21. Rdg1 {[%emt
0:00:10] } Na5 {[%emt 0:00:06]} 22. h6 {[%emt 0:00:30]} Bf8 {[%emt 0:00:08]}
23. Qg2 { [%emt 0:00:25]} Nc4 {[%emt 0:00:07]} 24. Rh3 {[%emt 0:00:11]} Bxh6
{[%emt 0:00:10]} 25. Bxh6 {[%emt 0:00:06]} Rg8 {[%emt 0:00:17]} 26. Bg7+ {[%emt
0:00:09]} Rxg7 {[%emt 0:00:02]} 27. Qxg7# {[%emt 0:00:03]} 1-0

[Event "DSJ Weihnachtsturnier U16: Lasker 2020"]
[Site ""]
[Date "2020.12.28"]
[Round "7"]
[White "Gluma, Christian"]
[Black "Grabbel, Torben Frederik"]
[Result "1-0"]
[Termination "normal"]
[Board "5.3"]
[WhiteElo "1864"]
[BlackElo "1636"]
[WhiteTeam "Schachgesellschaft Bochum 1931"]
[BlackTeam "Hamburger SK von 1830 3"]
[PlyCount "47"]
[WhiteFideId "16223209"]
[BlackFideId "16219180"]
[EventRounds "7"]
[EventType "team-swiss"]
[EventDate "2020.12.28"]

1. e4 {[%emt 0:00:12]} e5 {[%emt 0:00:04]} 2. Nf3 {[%emt 0:00:03]} Nc6 { [%emt
0:00:03]} 3. Bc4 {[%emt 0:00:04]} Bc5 {[%emt 0:00:02]} 4. c3 {[%emt 0:00:02]}
Nf6 {[%emt 0:00:03]} 5. d4 {[%emt 0:00:02]} exd4 {[%emt 0:00:02]} 6. O-O {
[%emt 0:00:02]} O-O {[%emt 0:00:09]} 7. cxd4 {[%emt 0:00:03]} Bb6 {[%emt
0:00:09]} 8. d5 {[%emt 0:00:03]} Ne7 {[%emt 0:00:04]} 9. e5 {[%emt 0:00:02]}
Ne8 { [%emt 0:00:03]} 10. d6 {[%emt 0:00:04]} Nc6 {[%emt 0:00:15]} 11. Bg5
{[%emt 0:00:03]} Nf6 {[%emt 0:00:06]} 12. exf6 {[%emt 0:00:02]} gxf6 {[%emt
0:00:03]} 13. Bh6 {[%emt 0:00:03]} Re8 {[%emt 0:00:02]} 14. Nh4 {[%emt
0:00:05]} Ne5 { [%emt 0:00:03]} 15. Bb3 {[%emt 0:00:10]} cxd6 {[%emt 0:00:16]}
16. Nf3 { [%emt 0:00:08]} Ng6 {[%emt 0:00:16]} 17. Qd5 {[%emt 0:00:05]} Qe7
{[%emt 0:00:08]} 18. Nc3 {[%emt 0:00:04]} Ne5 {[%emt 0:00:09]} 19. Nh4 {[%emt
0:00:06]} Bc5 {[%emt 0:00:21]} 20. Nf5 {[%emt 0:00:03]} Qe6 {[%emt 0:00:05]}
21. Qe4 { [%emt 0:00:07]} d5 {[%emt 0:00:09]} 22. Bxd5 {[%emt 0:00:05]} Qb6
{[%emt 0:00:05]} 23. Rae1 {[%emt 0:00:08]} d6 {[%emt 0:00:10]} 24. Qg4+ {[%emt
0:00:07]} 1-0

[Event "DSJ Weihnachtsturnier U16: Lasker 2020"]
[Site ""]
[Date "2020.12.28"]
[Round "7"]
[White "Reyes-Mantilla, Andrés Mauricio"]
[Black "Hofmann, Benjamin"]
[Result "1-0"]
[Termination "normal"]
[Board "5.4"]
[WhiteElo "1564"]
[BlackElo "1489"]
[WhiteTeam "Hamburger SK von 1830 3"]
[BlackTeam "Schachgesellschaft Bochum 1931"]
[PlyCount "85"]
[WhiteFideId "4467248"]
[BlackFideId "16270266"]
[EventRounds "7"]
[EventType "team-swiss"]
[EventDate "2020.12.28"]

1. d4 {[%emt 0:00:06]} d5 {[%emt 0:00:09]} 2. Nf3 {[%emt 0:00:02]} Nf6 { [%emt
0:00:03]} 3. c4 {[%emt 0:00:01]} e6 {[%emt 0:00:04]} 4. g3 {[%emt 0:00:01]}
Bb4+ {[%emt 0:00:03]} 5. Bd2 {[%emt 0:00:02]} Bxd2+ {[%emt 0:00:02]} 6. Nbxd2
{[%emt 0:00:00]} O-O {[%emt 0:00:01]} 7. Bg2 {[%emt 0:00:01]} c6 { [%emt
0:00:01]} 8. O-O {[%emt 0:00:02]} Bd7 {[%emt 0:00:02]} 9. Qc2 {[%emt 0:00:00]}
Re8 {[%emt 0:00:03]} 10. e4 {[%emt 0:00:01]} dxe4 {[%emt 0:00:10]} 11. Nxe4
{[%emt 0:00:00]} Nxe4 {[%emt 0:00:08]} 12. Qxe4 {[%emt 0:00:00]} Na6 { [%emt
0:00:03]} 13. Rfd1 {[%emt 0:00:19]} Qf6 {[%emt 0:00:03]} 14. Ne5 { [%emt
0:00:05]} Rad8 {[%emt 0:00:08]} 15. f4 {[%emt 0:00:23]} Qe7 {[%emt 0:00:05]}
16. Rac1 {[%emt 0:00:39]} f6 {[%emt 0:00:02]} 17. Nf3 {[%emt 0:00:08]} Nc7
{[%emt 0:00:04]} 18. Qc2 {[%emt 0:00:21]} Rf8 {[%emt 0:00:08]} 19. b3 {[%emt
0:00:48]} Be8 {[%emt 0:00:03]} 20. Ne1 {[%emt 0:00:14]} Bg6 {[%emt 0:00:02]}
21. Qe2 {[%emt 0:00:04]} Rfe8 {[%emt 0:00:09]} 22. Nc2 {[%emt 0:01:29]} e5 {
[%emt 0:00:06]} 23. fxe5 {[%emt 0:00:36]} fxe5 {[%emt 0:00:03]} 24. d5 { [%emt
0:00:10]} cxd5 {[%emt 0:00:07]} 25. cxd5 {[%emt 0:00:00]} e4 {[%emt 0:00:11]}
26. Ne3 {[%emt 0:00:03]} Rd6 {[%emt 0:00:15]} 27. Qc4 {[%emt 0:00:10]} Na6
{[%emt 0:00:17]} 28. Bh3 {[%emt 0:00:27]} Qg5 {[%emt 0:00:25]} 29. Qd4 { [%emt
0:00:09]} b6 {[%emt 0:00:19]} 30. b4 {[%emt 0:00:37]} Nxb4 {[%emt 0:00:13]} 31.
Qxb4 {[%emt 0:00:50]} Qxe3+ {[%emt 0:00:02]} 32. Kh1 {[%emt 0:00:02]} Rf6
{[%emt 0:00:23]} 33. Qe1 {[%emt 0:00:41]} Qf3+ {[%emt 0:00:28]} 34. Bg2 { [%emt
0:00:05]} Qf5 {[%emt 0:00:03]} 35. d6 {[%emt 0:00:50]} Rd8 {[%emt 0:00:07]} 36.
Qd2 {[%emt 0:00:58]} Rfxd6 {[%emt 0:00:06]} 37. Qxd6 {[%emt 0:00:03]} Rxd6
{[%emt 0:00:02]} 38. Rxd6 {[%emt 0:00:00]} h6 {[%emt 0:00:07]} 39. Re1 { [%emt
0:00:23]} Qe5 {[%emt 0:00:12]} 40. Rxg6 {[%emt 0:00:10]} e3 {[%emt 0:00:04]}
41. Rc6 {[%emt 0:00:11]} e2 {[%emt 0:00:22]} 42. Rc2 {[%emt 0:00:02]} Qc5
{[%emt 0:00:06]} 43. Rxc5 {[%emt 0:00:02]} 1-0

[Event "DSJ Weihnachtsturnier U16: Lasker 2020"]
[Site ""]
[Date "2020.12.28"]
[Round "7"]
[White "Hommer, Jeremy"]
[Black "Artukovic, Benjamin"]
[Result "1-0"]
[Termination "normal"]
[Board "6.1"]
[WhiteElo "2180"]
[BlackElo "1358"]
[WhiteTeam "SC Turm Lüneburg"]
[BlackTeam "SC Weisse Dame"]
[PlyCount "117"]
[WhiteFideId "12992577"]
[BlackFideId "16204255"]
[EventRounds "7"]
[EventType "team-swiss"]
[EventDate "2020.12.28"]

1. d4 {[%emt 0:00:05]} Nf6 {[%emt 0:00:02]} 2. Bf4 {[%emt 0:00:06]} d6 { [%emt
0:00:02]} 3. Nc3 {[%emt 0:00:11]} g6 {[%emt 0:00:02]} 4. e4 {[%emt 0:00:02]}
Bg7 {[%emt 0:00:02]} 5. Qd2 {[%emt 0:00:01]} O-O {[%emt 0:00:03]} 6. O-O-O
{[%emt 0:00:02]} Nbd7 {[%emt 0:00:12]} 7. f3 {[%emt 0:00:38]} c5 {[%emt
0:00:08]} 8. dxc5 {[%emt 0:00:05]} Nxc5 {[%emt 0:00:00]} 9. e5 {[%emt 0:00:01]}
Nh5 {[%emt 0:00:40]} 10. Be3 {[%emt 0:00:03]} Ne6 {[%emt 0:02:15]} 11. exd6 {
[%emt 0:00:05]} Bxc3 {[%emt 0:00:06]} 12. Qxc3 {[%emt 0:00:14]} exd6 {[%emt
0:00:19]} 13. g4 {[%emt 0:00:07]} Nhf4 {[%emt 0:00:17]} 14. Ne2 {[%emt
0:00:03]} Nxe2+ {[%emt 0:00:20]} 15. Bxe2 {[%emt 0:00:00]} Qe7 {[%emt 0:00:11]}
16. Bc4 { [%emt 0:00:07]} Rd8 {[%emt 0:00:15]} 17. Bh6 {[%emt 0:00:48]} b6
{[%emt 0:00:55]} 18. f4 {[%emt 0:00:25]} Bb7 {[%emt 0:00:28]} 19. f5 {[%emt
0:00:02]} d5 { [%emt 0:02:13]} 20. fxe6 {[%emt 0:00:03]} fxe6 {[%emt 0:00:00]}
21. Bd3 { [%emt 0:00:20]} d4 {[%emt 0:00:14]} 22. Qd2 {[%emt 0:00:08]} Bxh1
{[%emt 0:00:03]} 23. Rxh1 {[%emt 0:00:04]} e5 {[%emt 0:00:11]} 24. Bg5 {[%emt
0:00:03]} Qe6 {[%emt 0:00:17]} 25. b3 {[%emt 0:00:11]} Qxg4 {[%emt 0:00:23]}
26. Bxd8 { [%emt 0:00:07]} Rxd8 {[%emt 0:00:05]} 27. Rf1 {[%emt 0:00:02]} e4
{[%emt 0:00:19]} 28. Bc4+ {[%emt 0:00:08]} Kh8 {[%emt 0:00:04]} 29. Qf2 {[%emt
0:00:08]} Qg5+ {[%emt 0:00:32]} 30. Kb2 {[%emt 0:00:05]} Qe5 {[%emt 0:00:03]}
31. Qf6+ { [%emt 0:00:05]} Qxf6 {[%emt 0:00:02]} 32. Rxf6 {[%emt 0:00:00]} Re8
{[%emt 0:00:09]} 33. Re6 {[%emt 0:00:09]} Rxe6 {[%emt 0:00:07]} 34. Bxe6 {[%emt
0:00:00] } Kg7 {[%emt 0:00:02]} 35. Bd5 {[%emt 0:01:09]} e3 {[%emt 0:00:03]}
36. Bc4 { [%emt 0:00:01]} Kf6 {[%emt 0:00:01]} 37. c3 {[%emt 0:00:01]} Ke5
{[%emt 0:00:03]} 38. cxd4+ {[%emt 0:00:25]} Kxd4 {[%emt 0:00:00]} 39. Kc2
{[%emt 0:00:01]} Ke4 {[%emt 0:00:02]} 40. Be2 {[%emt 0:00:50]} h5 {[%emt
0:00:08]} 41. Bd3+ { [%emt 0:00:29]} Kf3 {[%emt 0:00:02]} 42. Bxg6 {[%emt
0:00:06]} Kg2 {[%emt 0:00:03]} 43. Bxh5 {[%emt 0:00:05]} Kxh2 {[%emt 0:00:03]}
44. Kd3 {[%emt 0:00:04]} Kg3 {[%emt 0:00:01]} 45. Kxe3 {[%emt 0:00:01]} Kh4
{[%emt 0:00:02]} 46. Be8 { [%emt 0:00:02]} Kg5 {[%emt 0:00:04]} 47. Ke4 {[%emt
0:00:01]} Kf6 {[%emt 0:00:01]} 48. Kd5 {[%emt 0:00:06]} Ke7 {[%emt 0:00:01]}
49. Bh5 {[%emt 0:00:03]} Kd7 {[%emt 0:00:01]} 50. Kc4 {[%emt 0:00:05]} Kc7
{[%emt 0:00:01]} 51. Kb5 { [%emt 0:00:02]} Kb7 {[%emt 0:00:03]} 52. Bf3+ {[%emt
0:00:02]} Kc7 {[%emt 0:00:03]} 53. Ka6 {[%emt 0:00:01]} Kd6 {[%emt 0:00:02]}
54. Kxa7 {[%emt 0:00:02]} Kc5 {[%emt 0:00:00]} 55. a3 {[%emt 0:00:02]} b5
{[%emt 0:00:03]} 56. Ka6 { [%emt 0:00:03]} b4 {[%emt 0:00:04]} 57. a4 {[%emt
0:00:03]} Kd4 {[%emt 0:00:02] } 58. Kb5 {[%emt 0:00:03]} Kc3 {[%emt 0:00:01]}
59. Bd5 {[%emt 0:00:01]} 1-0

[Event "DSJ Weihnachtsturnier U16: Lasker 2020"]
[Site ""]
[Date "2020.12.28"]
[Round "7"]
[White "Movsisyan, Andranik"]
[Black "Wusterack, Paul"]
[Result "1-0"]
[Termination "normal"]
[Board "6.2"]
[WhiteElo "1578"]
[BlackElo "1649"]
[WhiteTeam "SC Weisse Dame"]
[BlackTeam "SC Turm Lüneburg"]
[PlyCount "57"]
[WhiteFideId "16240391"]
[BlackFideId "16255356"]
[EventRounds "7"]
[EventType "team-swiss"]
[EventDate "2020.12.28"]

1. e4 {[%emt 0:00:10]} e6 {[%emt 0:00:16]} 2. d4 {[%emt 0:00:02]} d5 {[%emt
0:00:01]} 3. Nc3 {[%emt 0:00:01]} Nf6 {[%emt 0:00:03]} 4. e5 {[%emt 0:00:02]}
Nfd7 {[%emt 0:00:02]} 5. f4 {[%emt 0:00:01]} c5 {[%emt 0:00:01]} 6. Nf3 { [%emt
0:00:02]} Nc6 {[%emt 0:00:01]} 7. Be3 {[%emt 0:00:01]} b6 {[%emt 0:00:10] } 8.
Bb5 {[%emt 0:00:03]} Bb7 {[%emt 0:00:02]} 9. Qd2 {[%emt 0:00:25]} Be7 { [%emt
0:00:06]} 10. g3 {[%emt 0:00:11]} Qc7 {[%emt 0:00:10]} 11. Rf1 {[%emt 0:00:14]}
a6 {[%emt 0:00:13]} 12. Bd3 {[%emt 0:00:13]} c4 {[%emt 0:00:04]} 13. Be2 {[%emt
0:00:03]} b5 {[%emt 0:00:03]} 14. a3 {[%emt 0:00:18]} Qb6 {[%emt 0:00:17]} 15.
f5 {[%emt 0:00:10]} O-O-O {[%emt 0:00:21]} 16. h4 {[%emt 0:00:58]} a5 {[%emt
0:00:06]} 17. g4 {[%emt 0:00:14]} b4 {[%emt 0:00:03]} 18. axb4 { [%emt
0:00:06]} axb4 {[%emt 0:00:02]} 19. Na4 {[%emt 0:00:02]} Qb5 {[%emt 0:00:07]}
20. b3 {[%emt 0:00:19]} Na5 {[%emt 0:00:24]} 21. f6 {[%emt 0:00:23]} gxf6
{[%emt 0:00:08]} 22. exf6 {[%emt 0:00:02]} Nxf6 {[%emt 0:00:03]} 23. bxc4 {
[%emt 0:00:10]} dxc4 {[%emt 0:00:08]} 24. Ne5 {[%emt 0:00:45]} Rhf8 {[%emt
0:00:24]} 25. Bxc4 {[%emt 0:00:11] Lueneburg002 reconnected.} Nxc4 {[%emt
0:00:18]} 26. Nxc4 {[%emt 0:00:04]} Kb8 {[%emt 0:00:20]} 27. Bf4+ {[%emt
0:00:17]} Bd6 {[%emt 0:00:31]} 28. Bxd6+ {[%emt 0:00:10]} Rxd6 {[%emt 0:00:02]}
29. Nxd6 {[%emt 0:00:06]} 1-0

[Event "DSJ Weihnachtsturnier U16: Lasker 2020"]
[Site ""]
[Date "2020.12.28"]
[Round "7"]
[White "Rennkamp, David"]
[Black "Tunc, Ozan Kurtul"]
[Result "0-1"]
[Termination "normal"]
[Board "6.3"]
[WhiteElo "1371"]
[BlackElo "1655"]
[WhiteTeam "SC Turm Lüneburg"]
[BlackTeam "SC Weisse Dame"]
[PlyCount "78"]
[WhiteFideId "16249526"]
[EventRounds "7"]
[EventType "team-swiss"]
[EventDate "2020.12.28"]

1. e4 {[%emt 0:00:00]} c5 {[%emt 0:00:08]} 2. Nc3 { [%emt 0:00:03]} Nc6 {[%emt
0:00:06]} 3. g3 {[%emt 0:00:03]} g6 {[%emt 0:00:08]} 4. Bg2 {[%emt 0:00:02]}
Bg7 {[%emt 0:00:13]} 5. d3 {[%emt 0:00:03]} d6 { [%emt 0:00:13]} 6. f4 {[%emt
0:00:04]} e6 {[%emt 0:00:15]} 7. Nf3 {[%emt 0:00:06]} Nge7 {[%emt 0:00:05]} 8.
O-O {[%emt 0:00:02]} O-O {[%emt 0:00:08]} 9. Be3 {[%emt 0:00:02]} Nd4 {[%emt
0:00:05]} 10. Rb1 {[%emt 0:00:06]} Nec6 {[%emt 0:00:12]} 11. Ne2 {[%emt
0:00:10]} f5 {[%emt 0:00:15]} 12. Nfxd4 {[%emt 0:00:21]} cxd4 {[%emt 0:00:07]}
13. Bf2 {[%emt 0:00:07]} fxe4 {[%emt 0:00:06]} 14. Bxe4 { [%emt 0:00:06]} e5
{[%emt 0:00:19]} 15. Qd2 {[%emt 0:01:15]} Bh3 {[%emt 0:00:33]} 16. Bg2 {[%emt
0:00:11]} Bxg2 {[%emt 0:00:21]} 17. Kxg2 {[%emt 0:00:06]} Bh6 {[%emt 0:00:13]}
18. Qd1 {[%emt 0:00:26]} exf4 {[%emt 0:00:14]} 19. Nxd4 { [%emt 0:00:11]} Qa5
{[%emt 0:00:17]} 20. Nxc6 {[%emt 0:00:31]} bxc6 {[%emt 0:00:06]} 21. a3 {[%emt
0:00:08]} f3+ {[%emt 0:00:11]} 22. Kg1 {[%emt 0:00:07]} Qh5 {[%emt 0:00:01]}
23. Bd4 {[%emt 0:00:28]} c5 {[%emt 0:00:08]} 24. Bc3 { [%emt 0:00:04]} Be3+
{[%emt 0:00:09]} 25. Kh1 {[%emt 0:00:05]} Qd5 {[%emt 0:00:04]} 26. h3 {[%emt
0:00:19]} Qh5 {[%emt 0:00:22]} 27. Kh2 {[%emt 0:00:11]} d5 { [%emt 0:00:30]}
28. Bd2 {[%emt 0:00:24]} d4 {[%emt 0:00:06]} 29. b4 {[%emt 0:00:33]} Rae8
{[%emt 0:00:13]} 30. bxc5 {[%emt 0:00:16]} Bxd2 {[%emt 0:00:02]} 31. Qxd2
{[%emt 0:00:05]} Re2+ {[%emt 0:00:02]} 32. Rf2 {[%emt 0:00:04]} Rxd2 { [%emt
0:00:03]} 33. Rxd2 {[%emt 0:00:02]} f2 {[%emt 0:00:01]} 34. Rf1 {[%emt
0:00:03]} Qf3 {[%emt 0:00:03]} 35. a4 {[%emt 0:00:17]} Qe3 {[%emt 0:00:02]} 36.
Rdd1 {[%emt 0:00:11]} Rf3 {[%emt 0:00:13]} 37. c6 {[%emt 0:00:10]} Rxg3 { [%emt
0:00:02]} 38. c7 {[%emt 0:00:03]} Rxh3+ {[%emt 0:00:01]} 39. Kg2 { [%emt
0:00:02]} Qg3# {[%emt 0:00:00]} 0-1

[Event "DSJ Weihnachtsturnier U16: Lasker 2020"]
[Site ""]
[Date "2020.12.28"]
[Round "7"]
[White "Glowiak, Alexandra"]
[Black "Kort, Felix"]
[Result "1-0"]
[Termination "normal"]
[Board "7.2"]
[WhiteElo "1413"]
[BlackElo "1850"]
[WhiteTeam "Schachfr. Bischofswerda"]
[BlackTeam "Hamburger SK von 1830 2"]
[PlyCount "53"]
[WhiteFideId "16259530"]
[BlackFideId "16220129"]
[EventRounds "7"]
[EventType "team-swiss"]
[EventDate "2020.12.28"]

1. e4 {[%emt 0:00:05]} e5 {[%emt 0:00:03]} 2. Nf3 {[%emt 0:00:02]} Nc6 { [%emt
0:00:02]} 3. Bc4 {[%emt 0:00:04]} Bc5 {[%emt 0:00:02]} 4. c3 {[%emt 0:00:01]}
Nf6 {[%emt 0:00:02]} 5. d4 {[%emt 0:00:02]} exd4 {[%emt 0:00:00]} 6. cxd4
{[%emt 0:00:01]} Bb4+ {[%emt 0:00:01]} 7. Bd2 {[%emt 0:00:01]} Nxe4 {[%emt
0:00:03]} 8. Bxb4 {[%emt 0:00:02]} Nxb4 {[%emt 0:00:01]} 9. Qb3 {[%emt
0:00:33]} d5 {[%emt 0:00:34]} 10. Bb5+ {[%emt 0:00:23]} Nc6 {[%emt 0:00:47]}
11. Ne5 { [%emt 0:00:07]} O-O {[%emt 0:00:10]} 12. Nxc6 {[%emt 0:00:17]} bxc6
{[%emt 0:01:26]} 13. Bxc6 {[%emt 0:00:00]} Qf6 {[%emt 0:00:02]} 14. Bxa8 {[%emt
0:01:56] } Qxf2+ {[%emt 0:00:36]} 15. Kd1 {[%emt 0:00:02]} Qxd4+ {[%emt
0:02:25]} 16. Kc1 {[%emt 0:00:31]} Nf2 {[%emt 0:00:30]} 17. Rf1 {[%emt
0:00:55]} Nd3+ { [%emt 0:00:32]} 18. Kc2 {[%emt 0:00:25]} Nb4+ {[%emt 0:00:18]}
19. Kc1 { [%emt 0:00:05]} Nd3+ {[%emt 0:00:16]} 20. Kc2 {[%emt 0:00:03]} Bd7
{[%emt 0:00:28]} 21. Qxd3 {[%emt 0:00:51]} Ba4+ {[%emt 0:00:03]} 22. b3 {[%emt
0:00:12]} Qxa1 {[%emt 0:00:04]} 23. Nc3 {[%emt 0:00:39]} Bxb3+ {[%emt 0:00:43]}
24. axb3 {[%emt 0:00:14]} Qa5 {[%emt 0:00:00]} 25. Bxd5 {[%emt 0:00:08]} c6
{[%emt 0:00:15]} 26. Bxc6 {[%emt 0:00:33]} Rc8 {[%emt 0:00:03]} 27. Ba4 {[%emt
0:00:08]} 1-0